| 000 | 00778nam a2200253 i 4500 | ||
|---|---|---|---|
| 001 | 17207 | ||
| 003 | ES-MaACL | ||
| 005 | 20250824222026.0 | ||
| 007 | t| | ||
| 008 | 010122s2000 sp ||||0| spa j | ||
| 020 | _a84-7844-505-6 | ||
| 040 |
_aM-BN _bspa _cM-BN |
||
| 080 | _a821.134.3-31"19" | ||
| 100 | 1 |
_aAntunes, António Lobo. _922000 |
|
| 245 | 1 | 0 |
_aExhortación a los cocodrilos / _cAntónio Lobo Antunes ; traducción de Mario Merlino. |
| 260 |
_aMadrid : _bSiruela, _c2000. |
||
| 300 |
_a385 p. ; _c23 cm. |
||
| 490 | 1 |
_aLibros del tiempo ; _v123 |
|
| 700 | 1 |
_aMerlino, Mario, _d1948-2009 _980578 |
|
| 830 | 0 | 0 |
_aLibros del tiempo (Siruela) _v123 _9233603 |
| 852 |
_aES-MaACL _jL-24195 _bR.129407 |
||
| 999 |
_c17207 _d17207 |
||